Načítá se...

India's who's who 1997-98

Podrobná bibliografie
Další autoři: Inderjith (Editor)
Médium: Printed Book
Jazyk:English
Vydáno: New Delhi INFA
Vydání:25
Témata:
LEADER 00565nam a22001697a 4500
005 20160820112654.0
008 091201t xxu||||| |||| 00| 0 eng d
082 |a (092)(=1.540)"1997/98"  |b IND 
100 |a Inderjith  |e Editor  |9 6514 
245 |a India's who's who 1997-98 
250 |a 25 
300 |a lxiv,350p. 
653 |a India's who's who   |a economics 
942 |c REF  |6 _ 
260 |a New Delhi  |b INFA 
999 |c 174240  |d 174240 
952 |0 0  |1 0  |2 ddc  |4 0  |6 0921540199798_IND  |7 0  |9 225825  |a DAE  |b DAE  |c REF  |d 2009-12-01  |o (092)(=1.540)"1997/98" IND  |p ECO07382  |r 2016-08-20  |w 2016-08-20  |y REF